000 01028cam a2200313 a 4500
001 2214
005 20231110105342.0
020 _a0152164456
020 _a9780545004923
040 _aDLC
_cDLC
_dDLC
_beng
050 0 0 _aPZ8.S577
_bWh 2004
082 0 0 _a823.914
_221
100 1 _aSierra, Judy
245 1 0 _aWhat time is it, Mr. Crocodile? /
_cJudy Sierra ; illustrated by Doug Cushman.
246 3 _aWhat time is it, Mister Crocodile?
250 _aFirst Scholastic printing, April 2007
260 _aNew York :
_bScholastic,
_c2004
300 _a29 unnumbered pages :
_billustrations
_c25 cm
505 _aH
520 _aMr. Crocodile's plans to catch and eat some pesky monkeys do not work out and he becomes friends with them instead.
521 _a490
_bLexile
521 _aH
_bRaz-Plus
650 1 _aCrocodiles
_vFiction.
650 1 _aMonkeys
_vFiction.
650 1 _aStories in rhyme.
700 1 _aCushman, Doug
_eillustrator
906 _a7
_bcbc
_corignew
_d1
_eecip
_f20
_gy-gencatlg
942 _2ddc
_cBK
_n0
999 _c2214
_d2214